History Quiz

Random History or Artist Quiz

Draw a Badge: Blank Canvas Quiz Stats

 Plays Quiz Updated May 21, 2019

Support Sporcle.
Go Orange.
Score 0/15 Timer 03:00
0 Plays Today
% Correct
Musée du Louvre
88.5%
Blue, Rose
87.8%
Vincent van Gogh
87%
Eight
86.8%
Clocks
85.1%
Leonardo da Vinci
83.7%
Pearl
82.7%
Munch
77%
% Correct
Pop Art
67.7%
Museum of Modern Art
62.4%
Abstract Art
57.5%
Guernica
57%
Klimt
57%
Pointillism
50.1%
Galleria degli Uffizi
34.2%

You're not logged in!

Compare scores with friends on all Sporcle quizzes.
OR
Log In

From the Vault

Common Presidential/Vice Presidential Names

by rbradatl

These president names weren't anything special.
Remove Ads.
Support Sporcle.
Get the best of Sporcle when you Go Orange. This ad-free experience offers more features, more stats, and more fun while also helping to support Sporcle. Thank you for becoming a member.

Show Comments

Extras

Top Quizzes Today


Score Distribution

Your Account Isn't Verified!

In order to create a playlist on Sporcle, you need to verify the email address you used during registration. Go to your Sporcle Settings to finish the process.

Report this User

Report this user for behavior that violates our Community Guidelines.

Details: